000 00673cam a22002291 4500
001 17209
003 BD-RjUL
005 20211209000115.0
008 140216s1966 nyu 000 f eng
035 _a(BD-RjUL)17266
040 _aDLC
_cDLC
_dDLC
_dBD-RjUL
_beng
041 _aeng
082 _a813.6
_bFAF 1966
100 1 _aFairbairn, Ann.
_d1901 or 1902-1972.
_953068
245 1 0 _aFive smooth stones :
_ba novel /
_cby Ann Fairbairn.
260 _aNew York :
_bCrown Publishers,
_cc1966.
300 _a853 p. ;
_c24 cm.
651 _2 African Americans --Social conditions --Fiction.
942 _2ddc
_cBK
999 _c17209
_d17209